| 000 | 00569aam a2200229 4500 | ||
|---|---|---|---|
| 005 | 20241112105234.0 | ||
| 008 | 150619b xxu||||| |||| 00| 0 spa d | ||
| 020 | _a9786071105899 | ||
| 041 | _aESP | ||
| 082 | _a839.78 L313m | ||
| 100 |
_aLapidus, Jens _925205 |
||
| 245 | _aMafia blanca | ||
| 260 | _aMéxico | ||
| 260 | _bSantillana Ediciones Generales | ||
| 260 | _c2010 | ||
| 300 | _a655 páginas | ||
| 440 | _aTrilogía negra de Estocolmo | ||
| 650 | _aLITERATURA SUECA | ||
| 650 | _aNOVELA SUECA | ||
| 650 | _aNOVELA POLICÍACA | ||
| 942 |
_cLIT _2ddc |
||
| 999 |
_c2961 _d2961 |
||